Datum a čas kvízu
27.5
Celkem bodů
Celkový počet nahraných bodů na tomto kvízu bez doplňovacích otázek.
3.
Pořadí na kvízu
Konečné umístění týmu na tomto kvízu.
Zaznamenané odpovědi
| # | Otázka | Odpověď | Body | Výsledky |
|---|---|---|---|---|
| 1. | V ostravské zoologické zahradě... | o mývaly severní | 1 | |
| 2. | Na fotografii vidíte uvíznutéh... | Německa | 1 | |
| 3. | První ukázku ze své novinky po... | Pět švestek | 1 | |
| 4. | Automobilka Škoda se rozhodla... | v Číně | 1 | |
| 5. | Po 33 letech se do České repub... | Kaori Sakamoto; Ilia Malinin | 0 | |
| 6. | „Jaké je hlavní město Gabonské... | D | 1 | |
| 7. | AZ Kvíz se na obrazovkách obje... | 1 100 Kč | 1 | |
| 8. | Doplňte tři slova do sloganu s... | který vám zaplatí | 1 | |
| 9. | Pod kterým názvem jsme mohli z... | Rejžuj! | 0 | |
| 10. | Kdo byl moderátorem soutěže, j... | Marek Eben, Valtice | 1 |